The book of virtues for boys and girls: (Record no. 288014)
[ view plain ]
| 000 -LEADER | |
|---|---|
| fixed length control field | 00495nam a2200133Ia 4500 |
| 008 - FIXED-LENGTH DATA ELEMENTS--GENERAL INFORMATION | |
| fixed length control field | 150610s9999 xx 000 0 und d |
| 020 ## - INTERNATIONAL STANDARD BOOK NUMBER | |
| International Standard Book Number | 9781416971252 |
| 050 ## - LIBRARY OF CONGRESS CALL NUMBER | |
| Classification number | PN6014 |
| Item number | .B695 2008 |
| 245 #4 - TITLE STATEMENT | |
| Title | The book of virtues for boys and girls: |
| Remainder of title | a treasury of great moral stories / |
| Statement of responsibility, etc | [compiled] by William J. Bennett; introduction by Doug Flutie. |
| 260 ## - PUBLICATION, DISTRIBUTION, ETC. (IMPRINT) | |
| Place of publication, distribution, etc | New York : |
| Name of publisher, distributor, etc | Aladdin, |
| Date of publication, distribution, etc | 2008. |
| 300 ## - PHYSICAL DESCRIPTION | |
| Extent | 202pages ; |
| Dimensions | 22 cm. |
| 520 ## - SUMMARY, ETC. | |
| Summary, etc | Collections. |
| 650 ## - SUBJECT ADDED ENTRY--TOPICAL TERM | |
| Topical term or geographic name as entry element | Conduct of life |
| General subdivision | Literary collections. |
| Withdrawn status | Lost status | Damaged status | Home library | Current library | Shelving location | Date acquired | Total Checkouts | Full call number | Barcode | Date last seen | Price effective from | Koha item type |
|---|---|---|---|---|---|---|---|---|---|---|---|---|
| Stonyhurst Southville International School (Batangas) | Stonyhurst Southville International School (Batangas) | High School Section | 06/10/2015 | PN6014 .B695 2008 | US-1051 | 06/10/2015 | Books |